Celnictví v Československu minulost a přítomnost
Gespeichert in:
| Format: | Buch |
|---|---|
| Sprache: | Tschechisch |
| Veröffentlicht: |
Praha
Naše vojsko
1982
|
| Tags: |
Keine Tags, Fügen Sie das erste Tag hinzu!
|
MARC
| LEADER | 00000nam a2200000 4500 | ||
|---|---|---|---|
| 001 | c111539 | ||
| 005 | 20221207074442.5 | ||
| 041 | 0 | |a cze | |
| 044 | |a CZ | ||
| 245 | 1 | 0 | |a Celnictví v Československu |b minulost a přítomnost |
| 264 | 1 | |a Praha |b Naše vojsko |c 1982 | |
| 300 | |a 358 s. | ||